02048nam a22002417a 450000500170000000800410001702000180005804000070007604100120008308200170009510000200011224500640013226000350019630000240023136500560025552012600031165000220157165000230159365000330161694200120164999900190166195201260168020260131095832.0260130b |||||||| |||| 00| 0 eng d a9780753553244 cAL aEnglish a152.33bFOGT aBJ Fogg9253374 aTiny habitsb: why starting small makes lasting change easy aUKbPenguin Random Housec2020 a306p.bPBc20x13cm. aMAA4-4982129b₹463.75c₹d₹799.00f15-01-2026 aImproving your life is much easier than you think. Whether it’s losing weight, sleeping more, or restoring your work/life balance – the secret is to start small. For years, we’ve been told that being more healthy and productive is a matter of willpower: that we should follow the latest fad and make constant changes to our lifestyles. But whether in our diets, fitness plans or jobs, radical overhauls never work. Instead we should start with quick wins — and embed new, tiny habits into our everyday routines. The world expert on this is Silicon Valley legend BJ Fogg, pioneering research psychologist and founder of the iconic Behaviour Design Lab at Stanford. Now anyone can use his science-based approach to make changes that are simple to achieve and sticky enough to last. In the hugely anticipated Tiny Habits, BJ Fogg shows us how to change our lives for the better, one tiny habit at a time. Based on twenty years research and his experience coaching over 40,000 people, it cracks the code of habit formation. Focus on what is easy to change, not what is hard; focus on what you want to do, not what you should do. At the heart of this is a startling truth — that creating happier, healthier lives can be easy, and surprisingly fun. aSelf-Help9253290 aPsychology9253291 aPersonal Development9253292 2ddccBK c240840d240840 00102ddc40708CAAaALbALcSKd2026-01-22g463.75l0o152.33 FOGTp078074r2026-01-30 11:40:08v799.00w2026-01-15yBK